Yoga for health and well being (Record no. 518538)

000 -LEADER
fixed length control field 00749nam a22001457a 4500
008 - FIXED-LENGTH DATA ELEMENTS--GENERAL INFORMATION
fixed length control field 210928b ||||| |||| 00| 0 eng d
100 ## - MAIN ENTRY--PERSONAL NAME
Personal name Basavaraddi, Ishwar
245 ## - TITLE STATEMENT
Title Yoga for health and well being
260 ## - PUBLICATION, DISTRIBUTION, ETC. (IMPRINT)
Place of publication, distribution, etc Kurukshetra
300 ## - PHYSICAL DESCRIPTION
Extent 69(8), Jun, 2021: p.37-43
520 ## - SUMMARY, ETC.
Summary, etc Yoga is a path towards realisation of true nature of the self. Practitioners of Yoga in search of this spiritual goal have evolved this art and science from time immemorial. Yoga is a continuous experiential path which transcends various states of consciousness to ultimately merge with the reality or the infinite pure consciousness featured by Kaivalyam or eternal freedom. – Reproduced
773 ## - HOST ITEM ENTRY
Main entry heading Kurukshetra
906 ## - LOCAL DATA ELEMENT F, LDF (RLIN)
Subject DIP YOGA
942 ## - ADDED ENTRY ELEMENTS (KOHA)
Item type Articles
Holdings
Withdrawn status Lost status Source of classification or shelving scheme Damaged status Not for loan Permanent location Current location Date acquired Serial Enumeration / chronology Barcode Date last seen Koha item type
          Indian Institute of Public Administration Indian Institute of Public Administration 2021-09-28 69(8), Jun, 2021: p.37-43 AR125668 2021-09-28 Articles

Powered by Koha